Sổ tay luật sư T.2

Giới thiệu kỹ năng hành ngề luật sư trong tố tụng hình sự, tố tụng hành chính và trong một số vụ án dân sự cụ thể.

Guardat en:
Dades bibliogràfiques
Autor principal: Nhiều tác giả
Altres autors: Liên Đoàn Luật sư Việt Nam
Format: Llibre
Idioma:Undetermined
Publicat: H. Chính trị Quốc gia Sự thật 2019
Matèries:
Accés en línia:http://lrc.tdmu.edu.vn/opac/search/detail.asp?aID=2&ID=39749
Etiquetes: Afegir etiqueta
Sense etiquetes, Sigues el primer a etiquetar aquest registre!
Thư viện lưu trữ: Trung tâm Học liệu Trường Đại học Thủ Dầu Một
LEADER 01227nam a2200241Ia 4500
001 TDMU_39749
008 210410s9999 xx 000 0 und d
082 |a 342.59774087720712 
090 |b S450 
100 |a Nhiều tác giả 
245 0 |a Sổ tay luật sư 
245 0 |c Phan Trung Hoài...[và những người khác] 
245 0 |n T.2 
245 0 |p Kỹ năng hành nghề luật sư tư vấn trong tố tụng hình sự, hành chính, dân sư 
260 |a H. 
260 |b Chính trị Quốc gia Sự thật 
260 |c 2019 
300 |a 403tr. 
520 |a Giới thiệu kỹ năng hành ngề luật sư trong tố tụng hình sự, tố tụng hành chính và trong một số vụ án dân sự cụ thể. 
650 |a Nghề luật sư  |x Tố tụng hình sự  |v Sổ tay; Nghề luật sư  |x Tố tụng hành chính  |v Cẩm nang; Nghề luật sư  |x Tố tụng dân sự  |v Cẩm nang 
700 |a Liên Đoàn Luật sư Việt Nam 
856 |u http://lrc.tdmu.edu.vn/opac/search/detail.asp?aID=2&ID=39749 
980 |a Trung tâm Học liệu Trường Đại học Thủ Dầu Một